Top 10 Premier League Category's - Statistieken

Algemene statistieken
  • Deze quiz is 47 keer genomen
  • De gemiddelde score is 49 van 60
Antwoordstatistieken
Hint Antwoord % Correct
1 Liverpool
100%
2 Liverpool
100%
3 Liverpool
100%
4 Liverpool
100%
5 Liverpool
100%
6 Liverpool
100%
1 Manchester City
100%
2 Manchester City
100%
3 Manchester City
100%
4 Manchester City
100%
5 Manchester City
100%
6 Manchester City
100%
1 Manchester United
100%
2 Manchester United
100%
3 Manchester United
100%
4 Manchester United
100%
5 Manchester United
100%
1 Arsenal
98%
2 Arsenal
98%
3 Arsenal
98%
4 Arsenal
98%
5 Arsenal
98%
1 Chelsea
98%
2 Chelsea
98%
4 Chelsea
98%
5 Chelsea
98%
1 Tottenham
98%
3 Tottenham
98%
4 Tottenham
98%
5 Tottenham
98%
6 Tottenham
98%
1 Aston Villa
86%
2 Aston Villa
86%
3 Aston Villa
86%
4 Aston Villa
86%
5 Aston Villa
86%
6 Aston Villa
86%
1 West Ham
83%
4 West Ham
83%
5 West Ham
83%
6 West Ham
83%
1 Newcastle
79%
2 Newcastle
79%
4 Newcastle
79%
6 Newcastle
79%
2 Everton
74%
3 Everton
74%
4 Everton
74%
5 Everton
74%
6 Everton
74%
6 Fulham
57%
3 Wolves
57%
1 Crystal Palace
48%
6 Southampton
43%
2 Sunderland
38%
3 Sunderland
38%
6 Sunderland
38%
2 Sheffield Wednesday
14%
5 Newastle
0%
3 Preston
0%
Geen overeenkomende quizzen gevonden
Scoreverdeling
Procent van Mensen met Elke Score
Percentiel versus Aantal Correcte Antwoorden
Uw Scoregeschiedenis
U heeft deze quiz nog niet genomen